Children's literature : (رقم التسجيلة. 14329)

تفاصيل مارك
000 -الفاتح
حقل البيانات ثابتة الطول 01783cam a2200325 a 4500
001 - رقم الضبط
رقم الضبط 15964168
003 - محدد رقم الضبط
رقم الضبط OSt
005 - وقت وتاريخ اخر تعامل مع التسجيلة
رقم الضبط 20150408113918.0
008 - عناصر البيانات ثابتة الطول - معلومات عامة
حقل البيانات ثابتة الطول 091028s2009 enkaf b 001 0 eng
010 ## - رقم ضبط مكتبة الكونجرس
رقم ضبط مكتبة الكونجرس 2009045191
020 ## - الرقم الدولى المعيارى للكتب
الرقم الدولى المعيارى للكتاب 9780230227149 (alk. paper)
020 ## - الرقم الدولى المعيارى للكتب
الرقم الدولى المعيارى للكتاب 0230227147 (alk. paper)
035 ## - رقم ضبط النظام
رقم ضبط النظام (OCoLC)ocn318873085
040 ## - مصدر الفهرسة
وكالة الفهرسة الأصلية DLC
وكالة النسخ DLC
وكالة التعديل YDX
-- IUL
-- CDX
-- DLC
050 00 - رقم طلب مكتبة الكونجرس
رقم التصنيف PN1009.A1
رقم المادة C51385 2009
082 00 - رقم تصنيف ديوى العشرى
رقم التصنيف 809.89282
رقم الطبعة 22
رقم المادة CHI
245 00 - بيان العنوان
العنوان Children's literature :
بقية العنوان classic texts and contemporary trends /
بيان المسئوليه,etc edited by Heather Montgomery and Nicola J. Watson.
260 ## - PUBLICATION, DISTRIBUTION, ETC. (IMPRINT)
مكان الناشر او الموزع Houndmills ;
-- New York :
اسم الناشر او الموزع Palgrave Macmillan ;
مكان الناشر او الموزع Milton Keynes :
اسم الناشر او الموزع In association with the Open University,
تاريخ النشر أو التوزيع 2009.
300 ## - الوصف المادى
التعداد xv, 408 p., [16] p. of plates :
تفاصيل ماديه اخرى للوعاء ill. (some col.) ;
أبعاد الوعاء 24 cm.
500 ## - تبصرة عامة
تبصرة عامة "This Reader, along with the companion volume Children's Literature: Approaches and Territories, form part of the Open University course Children's Literature (EA300). This is a level 3 undergraduate course and forms part of the Open University BA Humanities, the BA Literature (and BA Humanities with Literature), BA English Language and Literature, and the BA Childhood and Youth Studies."
504 ## - تبصرة ببليوجرافية
تبصرة ببليوجرافية,الخ Includes bibliographical references and index.
650 #0 - المدخل الاضافى بالموضوع-مصطلح موضوعى
مصطلح موضوعي أو اسم جغرافي كعنصر مدخل Children's literature
التقسيم الفرعي العام History and criticism.
9 (RLIN) 4006
650 #0 - المدخل الاضافى بالموضوع-مصطلح موضوعى
مصطلح موضوعي أو اسم جغرافي كعنصر مدخل Young adult literature
التقسيم الفرعي العام History and criticism.
9 (RLIN) 4007
650 #0 - المدخل الاضافى بالموضوع-مصطلح موضوعى
مصطلح موضوعي أو اسم جغرافي كعنصر مدخل Children
التقسيم الفرعي العام Books and reading.
9 (RLIN) 4008
700 1# - المدخل الاضافى - اسم شخصى
الإسم الشخصى Montgomery, Heather
الشكل الأكمل للاسم (Heather Kate)
9 (RLIN) 4238
700 1# - المدخل الاضافى - اسم شخصى
الإسم الشخصى Watson, Nicola J.,
التواريخ المصاحبة للاسم 1958-
9 (RLIN) 4010
906 ## - عنصر بيانات محلى F, LDF (RLIN)
a 7
b cbc
c orignew
d 1
e ecip
f 20
g y-gencatlg
942 ## - عناصر المدخل الإضافي( كوها)
مصدر التصنيف او مخطط الترفيف Dewey Decimal Classification
Koha [default] item type DVD
المقتنيات
حالة الفقد نموذج السعر الفعال حالة تلف ليس للاعارة رقم الطلب تاريخ الاكتساب الموقع الحالي الباركود الفرع الرئيسي Date last seen نوع المادة فى نظام كوها مصدر التصنيف او خطة الترفيف Total Checkouts
  2013-03-10     809.89282 CHI 2011-09-10 قسم الاجراءات الفنية (IC) 00101629 قسم الاجراءات الفنية (IC) 2013-03-10 كتاب Dewey Decimal Classification  
  2013-03-10     809.89282 CHI 2011-09-10 قسم الاجراءات الفنية (IC) 00101630 قسم الاجراءات الفنية (IC) 2013-03-10 كتاب Dewey Decimal Classification